00853nam a2200229 a 450000100100000000500170001000800410002704000240006804100380009208200150013010000270014524000340017224500860020626000370029230000210032950000420035053400420039270000440043404900090047895201190048799900170060600002560720200930023919.0110218s1971 mx r 000 0 spa d aDO-SdBNPbspacBNGR17aspaheng2Código de idioma MARC aNNNbA273h1 aAgnew, Spiro T.95229910aFrankly speaking.lEspañol.10aHablando con franqueza /cSpiro T. Acnew ; traductora Margarita Álvarez Franco. aMéxico, D. F. :bDiana,c1971. a134 p. ;c22 cm. aIncluye notas al pie de las páginas aTítulo original:tFrankly speaking.1 aÁlvarez Franco, Margaritaetr.912553 aBNGR 001054708MOaGRbGRcCTd2011-02-18iLF1l0oNNN A273hp25607-10r2020-06-25w2020-06-25y4ZPréstamo en sala c25099d25099